Premier League: 50+ Goal Contributions (2000-) - Statistics

General Stats
  • This quiz has been taken 77 times
  • The average score is 142 of 207
Answer Stats
Ranking Player Positions Nationality Matches Goals (assists) Periods Clubs % Correct
16 Didier Drogba FW 254 104 (55) 2004-2011, 2014-2015
100%
4 Frank Lampard MF 491 160 (94) 2000-2015
100%
11 Jamie Vardy FW 342 145 (47) 2014-2022, 2024-2025
100%
12 Kevin De Bruyne MF, FW 288 72 (118) 2013-2014, 2015-2025
100%
2 Mohamed Salah MF, FW 301 186 (87) 2013-2014, 2017-2025
100%
9 Robin van Persie FW 280 144 (53) 2004-2015
100%
5 Sergio Agüero FW 275 184 (48) 2011-2021
100%
7 Steven Gerrard MF 463 119 (89) 2000-2015
100%
6 Thierry Henry FW 227 158 (66) 2000-2006, 2011-2012
100%
1 Wayne Rooney MF, FW 491 208 (102) 2002-2018
100%
24 Cristiano Ronaldo MF, FW 236 103 (37) 2003-2008, 2021-2023
98%
13 Raheem Sterling MF, FW 396 123 (66) 2011-2025
98%
18 Ryan Giggs MF, FW 382 55 (101) 2000-2014
98%
20 Sadio Mané MF, FW 263 111 (38) 2014-2022
98%
83 Bernardo Silva MF, FW 266 43 (46) 2017-2025
96%
19 David Silva MF, FW 309 60 (93) 2010-2020
96%
3 Harry Kane FW 320 213 (44) 2012-2023
96%
22 James Milner DF, MF 638 55 (89) 2002-2025
96%
10 Jermain Defoe FW 496 163 (33) 2000-2019
96%
23 Riyad Mahrez MF, FW 284 82 (62) 2014-2023
96%
32 Roberto Firmino MF, FW 256 82 (50) 2015-2023
96%
17 Romelu Lukaku FW 278 121 (35) 2011-2018, 2021-2022
96%
74 Alexis Sánchez MF, FW 154 63 (31) 2014-2019
94%
15 Cesc Fàbregas MF, FW 350 50 (111) 2004-2010, 2014-2019
94%
29 Christian Eriksen MF, FW 310 55 (78) 2013-2019, 2021-2025
94%
28 Dimitar Berbatov FW 229 94 (40) 2006-2014
94%
25 Eden Hazard MF, FW 245 85 (54) 2012-2019
94%
30 Emmanuel Adebayor FW 242 97 (36) 2005-2016
94%
62 Erling Haaland FW 97 85 (16) 2022-2025
94%
45 Fernando Torres FW 212 85 (29) 2007-2014
94%
33 Marcus Rashford MF, FW 297 89 (42) 2015-2025
94%
82 Phil Foden MF, FW 192 61 (29) 2017-2025
94%
46 Bruno Fernandes MF, FW 195 62 (51) 2019-2025
92%
37 Carlos Tevez MF, FW 202 84 (36) 2006-2013
92%
42 Gabriel Jesus FW 229 76 (40) 2016-2025
92%
178 Jason Roberts FW 221 36 (21) 2002-2003, 2005-2013
92%
56 Juan Mata MF, FW 278 52 (54) 2011-2022
92%
185 Laurent Robert MF, FW 150 23 (32) 2001-2005, 2007-2008
92%
52 Ollie Watkins FW 184 75 (34) 2020-2025
92%
64 Paul Scholes MF 339 66 (35) 2000-2013
92%
27 Theo Walcott MF, FW 397 80 (56) 2006-2023
92%
89 Aaron Ramsey MF 262 40 (45) 2008-2019
90%
121 Andrew Robertson DF, MF 308 11 (60) 2014-2015, 2016-2025
90%
81 Anthony Martial MF, FW 209 63 (27) 2015-2024
90%
68 Bukayo Saka DF, MF, FW 195 53 (45) 2018-2025
90%
50 Danny Welbeck MF, FW 363 77 (32) 2008-2025
90%
36 Darren Bent FW 276 106 (15) 2001-2002, 2005-2015
90%
94 Diogo Jota MF, FW 190 63 (20) 2018-2025
90%
113 Gareth Bale MF, FW 166 53 (22) 2007-2012, 2020-2021
90%
134 İlkay Gündoğan MF 221 45 (22) 2016-2022, 2024-2025
90%
78 Luis Suárez FW 110 69 (23) 2010-2014
90%
84 Mesut Özil MF, FW 184 33 (55) 2013-2020
90%
26 Nicolas Anelka FW 299 102 (36) 2001-2004, 2006-2011, 2013-2014
90%
14 Peter Crouch FW 468 106 (58) 2001-2019
90%
105 Alexandre Lacazette FW 158 54 (25) 2017-2022
88%
122 Antonio Valencia DF, MF 325 24 (47) 2006-2019
88%
180 Jack Grealish MF, FW 190 27 (29) 2013-2015, 2019-2025
88%
57 James Maddison MF, FW 222 56 (48) 2018-2025
88%
86 Jordan Henderson MF 431 33 (54) 2008-2023
88%
173 Kai Havertz MF, FW 151 41 (17) 2020-2025
88%
108 Leandro Trossard MF, FW 208 46 (31) 2019-2025
88%
142 Martin Ødegaard MF, FW 152 34 (31) 2020-2025
88%
85 Richarlison MF, FW 243 64 (24) 2017-2025
88%
21 Robbie Keane FW 318 114 (33) 2000-2012
88%
107 Tim Cahill MF, FW 226 56 (22) 2004-2012
88%
99 Trent Alexander-Arnold DF 259 18 (64) 2016-2025
88%
148 Alexander Isak FW 86 54 (9) 2022-2025
86%
54 Christian Benteke FW 280 86 (22) 2012-2022
86%
65 Chris Wood FW 263 89 (11) 2008-2009, 2010-2011, 2014-2015, 2017-2025
86%
158 Gabriel Martinelli MF, FW 161 40 (20) 2019-2025
86%
132 Nani MF, FW 147 25 (43) 2007-2015
86%
40 Olivier Giroud FW 255 90 (29) 2012-2021
86%
53 Ruud van Nistelrooy FW 150 95 (14) 2001-2006
86%
80 Yaya Touré MF 230 59 (33) 2010-2018
86%
75 Andy Cole FW 191 64 (30) 2000-2008
84%
34 Ashley Young DF, FW 485 50 (74) 2006-2019, 2021-2025
84%
112 Carlton Cole FW 289 52 (23) 2001-2010, 2012-2015
84%
157 Edin Džeko FW 130 50 (11) 2010-2015
84%
102 Joe Cole MF 348 45 (35) 2000-2010, 2012-2015
84%
92 Pierre-Emerick Aubameyang MF, FW 143 69 (16) 2017-2023
84%
131 Freddie Ljungberg MF, FW 199 41 (27) 2000-2008
82%
150 Javier Hernández FW 158 53 (10) 2010-2015, 2017-2020
82%
194 Marouane Fellaini MF 260 37 (16) 2008-2019
82%
103 Raúl Jiménez FW 197 59 (21) 2018-2025
82%
79 Willian MF, FW 327 47 (45) 2013-2020, 2022-2025
82%
48 Callum Wilson FW 239 88 (23) 2015-2025
80%
175 Cole Palmer MF, FW 89 37 (20) 2021-2025
80%
41 Gylfi Sigurðsson MF, FW 318 67 (50) 2011-2021
80%
76 Jarrod Bowen MF, FW 200 56 (38) 2016-2017, 2019-2025
80%
198 Leroy Sané MF, FW 90 25 (27) 2016-2020
80%
111 Marko Arnautović MF, FW 184 43 (33) 2013-2019
80%
63 Michail Antonio MF, FW 268 68 (33) 2015-2025
80%
8 Son Heung-min MF, FW 333 127 (71) 2015-2025
80%
109 Andy Carroll FW 248 54 (22) 2006-2008, 2010-2021
78%
44 Michael Owen FW 231 102 (13) 2000-2003, 2005-2013
78%
88 Philippe Coutinho MF, FW 193 47 (39) 2012-2017, 2021-2024
78%
106 Dirk Kuyt DF, MF, FW 208 51 (27) 2006-2012
76%
93 Mikel Arteta MF 284 42 (42) 2004-2016
76%
136 Paul Pogba MF, FW 157 29 (38) 2011-2012, 2016-2022
76%
170 Youri Tielemans MF, FW 219 26 (33) 2018-2025
76%
133 Alex Iwobi MF, FW 291 31 (36) 2015-2025
75%
125 Bryan Mbeumo FW 136 42 (28) 2021-2025
75%
140 Jordan Ayew MF, FW 305 42 (24) 2015-2025
75%
71 Wilfried Zaha MF, FW 305 68 (28) 2013-2023
75%
183 Yoane Wissa MF, FW 137 45 (11) 2021-2025
75%
69 Daniel Sturridge MF, FW 218 76 (21) 2006-2019
73%
120 Dominic Calvert-Lewin FW 239 57 (15) 2016-2025
73%
193 John Terry DF 486 41 (12) 2000-2017
73%
201 Mason Mount MF, FW 160 29 (22) 2019-2025
73%
114 Pascal Groß DF, MF, FW 228 30 (45) 2017-2024
73%
169 Santi Cazorla MF 129 25 (34) 2012-2017
73%
186 David Beckham MF 90 26 (28) 2000-2003
71%
116 Dennis Bergkamp FW 168 30 (44) 2000-2006
71%
177 Eberechi Eze MF, FW 146 34 (23) 2020-2025
71%
51 Emile Heskey FW 380 74 (35) 2000-2012
71%
101 Harvey Barnes MF, FW 200 49 (32) 2017-2025
71%
168 Salomon Kalou MF, FW 156 36 (23) 2006-2012
71%
139 Adam Lallana MF, FW 305 33 (33) 2012-2025
69%
135 Kelechi Iheanacho MF, FW 196 42 (25) 2015-2023
69%
59 Louis Saha FW 278 84 (19) 2001-2013
69%
161 Michael Carrick MF 473 22 (38) 2000-2002, 2004-2018
69%
60 Robert Pirès MF, FW 198 62 (41) 2000-2005, 2010-2011
69%
110 Clint Dempsey MF, FW 218 57 (19) 2006-2014
67%
72 Danny Ings FW 240 72 (23) 2014-2015, 2017-2025
67%
129 Diego Costa FW 112 53 (16) 2014-2016, 2022-2023
67%
187 Dominic Solanke MF, FW 161 38 (16) 2017-2019, 2022-2025
67%
49 Gareth Barry MF 589 50 (61) 2000-2018
67%
58 James Ward-Prowse DF, MF 404 57 (47) 2012-2025
67%
200 John Arne Riise DF, MF 321 21 (30) 2001-2007, 2011-2014
67%
207 Kevin Mirallas MF, FW 151 29 (21) 2012-2018
67%
115 Samir Nasri MF, FW 220 36 (39) 2008-2016, 2018-2019
67%
138 Troy Deeney FW 165 47 (20) 2015-2019, 2021-2022
67%
61 Alan Shearer FW 188 84 (18) 2000-2006
65%
166 Harry Kewell MF, FW 168 36 (23) 2000-2008
65%
31 Jimmy Floyd Hasselbaink FW 219 93 (39) 2000-2007
65%
149 Ayoze Pérez MF, FW 223 45 (18) 2014-2015, 2017-2023
63%
165 Charlie Adam MF 207 34 (25) 2010-2018
63%
184 Florent Malouda MF, FW 149 35 (20) 2007-2012
63%
126 Joshua King MF, FW 204 53 (17) 2015-2022
63%
202 Salomón Rondón FW 167 36 (15) 2015-2018, 2021-2023
63%
196 Yossi Benayoun MF 194 31 (22) 2005-2013
63%
90 Dele Alli MF, FW 194 51 (34) 2015-2023
61%
95 Eiður Guðjohnsen MF, FW 211 55 (28) 2000-2005, 2009-2011
61%
91 Leighton Baines DF 420 32 (53) 2005-2020
61%
147 Ole Gunnar Solskjær FW 133 43 (21) 2000-2003, 2005-2007
61%
128 Ross Barkley MF, FW 284 37 (33) 2011-2021, 2023-2025
61%
104 Shane Long FW 344 56 (24) 2006-2007, 2011-2022
61%
55 Gabriel Agbonlahor MF, FW 322 74 (34) 2005-2016
59%
97 Mark Noble MF 414 47 (35) 2005-2010, 2012-2022
57%
153 Adam Johnson MF 265 32 (30) 2005-2016
55%
130 Andrew Johnson FW 187 51 (17) 2004-2005, 2006-2013
55%
66 Damien Duff MF, FW 337 49 (51) 2001-2014
53%
96 Kevin Phillips FW 227 63 (20) 2000-2005, 2009-2010, 2013-2014
53%
164 Alan Smith MF, FW 237 34 (25) 2000-2008, 2010-2012
51%
47 Craig Bellamy FW 294 81 (31) 2000-2009, 2011-2012, 2013-2014
51%
204 Darren Fletcher MF 341 23 (27) 2003-2018
51%
162 Paolo Di Canio FW 106 32 (28) 2000-2004
51%
143 Steven Fletcher FW 190 53 (12) 2009-2016
51%
195 Steven Pienaar MF 214 21 (32) 2007-2017
51%
163 Abdoulaye Doucouré MF, FW 278 36 (23) 2016-2025
49%
167 Nwankwo Kanu FW 230 36 (23) 2000-2010
49%
189 Kenwyne Jones FW 195 40 (14) 2004-2005, 2007-2014
47%
39 Mark Viduka FW 240 92 (28) 2000-2009
47%
35 Yakubu Aiyegbeni FW 252 96 (26) 2003-2012
47%
87 Aaron Lennon MF, FW 416 36 (50) 2003-2004, 2005-2019, 2021-2022
45%
191 Dwight McNeil MF, FW 225 21 (32) 2018-2025
45%
38 Kevin Davies FW 375 72 (48) 2000-2012
45%
145 Marc Albrighton DF, MF, FW 310 20 (44) 2009-2023
45%
156 Simon Davies MF 300 27 (35) 2000-2012
45%
117 Teddy Sheringham FW 174 54 (20) 2000-2003, 2005-2007
45%
174 Andros Townsend MF, FW 291 26 (31) 2012-2021, 2023-2024
43%
73 Kevin Nolan MF 401 69 (26) 2001-2008, 2010-2011, 2012-2016
43%
199 Sebastian Larsson MF 282 26 (26) 2005-2006, 2007-2008, 2009-2017
41%
151 Jay Rodriguez MF, FW 258 46 (17) 2012-2013, 2015-2017, 2019-2021, 2023-2024
39%
137 Shaun Wright-Phillips MF, FW 316 32 (35) 2000-2001, 2002-2012, 2014-2015
39%
67 Danny Murphy MF 377 48 (52) 2000-2012
37%
192 El Hadji Diouf MF, FW 243 28 (25) 2002-2011
37%
70 Stewart Downing MF, FW 408 37 (59) 2001-2014, 2016-2017
37%
127 Robbie Fowler FW 180 54 (16) 2000-2006, 2008-2009
35%
206 Jonjo Shelvey MF 278 23 (27) 2010-2015, 2017-2023
31%
119 Morten Gamst Pedersen MF, FW 260 34 (39) 2004-2012
31%
179 Frédéric Kanouté FW 136 41 (15) 2000-2006
29%
205 Gary Speed MF 247 29 (21) 2000-2008
29%
77 Steed Malbranque MF 336 39 (55) 2001-2011
27%
100 Bobby Zamora FW 252 47 (34) 2003-2004, 2005-2012, 2014-2015
25%
124 Leon Osman MF 352 44 (27) 2002-2016
25%
155 Luís Boa Morte MF, FW 257 28 (34) 2001-2011
25%
98 Nolberto Solano MF 243 40 (42) 2000-2008
25%
154 Jonathan Walters MF, FW 233 43 (19) 2002-2003, 2010-2018
24%
190 Nathan Redmond MF, FW 276 28 (26) 2013-2014, 2015-2024
24%
123 Darius Vassell MF, FW 248 52 (19) 2000-2009
22%
43 James Beattie FW 274 86 (30) 2000-2006, 2008-2011
22%
141 James Morrison MF, FW 311 32 (33) 2003-2006, 2008-2009, 2010-2018
22%
172 Juan Pablo Ángel FW 175 44 (14) 2000-2007
22%
197 Kevin Doyle FW 164 37 (15) 2006-2007, 2009-2011, 2014-2015
22%
152 Shola Ameobi FW 298 43 (20) 2000-2008, 2010-2015
22%
188 Jermaine Pennant MF 231 14 (40) 2002-2008, 2010-2014
20%
160 Lee Bowyer MF 272 36 (24) 2000-2011
20%
144 Charles N'Zogbia DF, FW 281 28 (36) 2004-2012, 2014-2016
18%
118 Chris Brunt DF, MF 269 25 (48) 2008-2009, 2010-2018
18%
176 David Dunn MF 237 36 (21) 2001-2012
16%
171 Jermaine Jenas MF 280 32 (26) 2001-2013
16%
159 Joey Barton MF 269 26 (34) 2002-2008, 2010-2011, 2014-2015, 2016-2017
16%
146 Matthew Taylor DF, MF 325 40 (24) 2003-2010, 2012-2015
14%
182 Tomasz Radzinski FW 194 35 (21) 2001-2007
14%
203 Cameron Jerome FW 211 33 (17) 2007-2008, 2009-2013, 2015-2016
10%
181 Matthew Etherington MF 283 21 (35) 2000-2002, 2005-2014
10%
No matching quizzes found
Score Distribution
Percent of People with Each Score
Percentile by Number Answered
Your Score History
You have not taken this quiz